000 01204cam a22002054a 4500
005 20250605164050.0
008 250528s ||||||||||||||||||||||||d
035 _a17260
020 _a333429648
040 _aGR-AtMCL
_bgre
_dGR-AtMCL
_eAACR2
245 1 _aInternational Economic Integration / Second Edition
250 _a2nd
260 _bMacmillan Press,
_c1988
300 _a366
520 _aPreface and Acknowledgements, General Introduction, The Theory of Economic Integration, The Problems of the Quantitative Estimation of Integration Effects, The European Community, The European Free Trade Association, The Council for Mutual Economic Assistance, The East African Community, The West African Economic Community, The Latin American Free Trade Association, The Andean Pact, The Misfortunes of the Association for Latin American Integration (ALADI) - 1980-83, The Central American Common Market, The Association of Southeast Asian Nations, Policy Directives and Overall Conclusions and Prognostications on the Future for International Economic Integration, Bibliography, Author and Subject Index.
700 1 _aAgraa-El M. Ali
_93354
942 _cBK
999 _c2688
_d2688